000 00489cam a2200145 4500500
005 20260208005830.0
041 _afre
042 _adc
100 1 0 _aMizuno, Hisashi
_eauthor
245 0 0 _aNerval face au réalisme
260 _c2005.
500 _a62
786 0 _nRevue d'histoire littéraire de la France | 105 | 4 | 2005-10-01 | p. 817-841 | 0035-2411
856 4 1 _uhttps://shs.cairn.info/revue-d-histoire-litteraire-de-la-france-2005-4-page-817?lang=fr&redirect-ssocas=7080
999 _c1654022
_d1654022